000 00436 a2200133 4500
001 91522
082 _aPR 1477
090 _c43657
_d43656
100 _aZeshan Ali Saleem; Prof Nauman Siddiqui, Advisor
245 _aTo Integrate Commercially available Remote Control Car with PC and Receive video from Camera mounted on Car to PC
_n58 "B" EC
260 _aRawalpindi
_bNUST
_c2003
300 _axi, 139p
500 _aBE Project Reports
942 _aCAE NUST
_kPR 1477
999 _c326595
_d326595